| 000 | 01549nam a2200385 a 4500 | ||
|---|---|---|---|
| 001 | ebr10240766 | ||
| 003 | CaPaEBR | ||
| 006 | m u | ||
| 007 | cr cn||||||||| | ||
| 008 | 071226s2008 cau sb s000 0aeng | ||
| 010 | _z 2007051017 | ||
| 015 |
_aGBA877663 _2bnb |
||
| 016 | 7 |
_z014646707 _2Uk |
|
| 020 | _z9780520255418 (cloth : alk. paper) | ||
| 020 | _z0520255410 (cloth : alk. paper) | ||
| 040 |
_aCaPaEBR _cCaPaEBR |
||
| 035 | _a(OCoLC)560506265 | ||
| 043 |
_an-us--- _an-us-md |
||
| 050 | 1 | 4 |
_aLA2317.M278 _bA3 2008eb |
| 082 | 0 | 4 |
_a378.1/11 _aB _222 |
| 100 | 1 |
_aMartin, Roger H., _d1943- |
|
| 245 | 1 | 0 |
_aRacing Odysseus _h[electronic resource] : _ba college president becomes a freshman again / _cRoger H. Martin. |
| 260 |
_aBerkeley : _bUniversity of California Press, _cc2008. |
||
| 300 | _axi, 262 p. | ||
| 504 | _aIncludes bibliographical references (p. 261-262). | ||
| 533 |
_aElectronic reproduction. _bPalo Alto, Calif. : _cebrary, _d2013. _nAvailable via World Wide Web. _nAccess may be limited to ebrary affiliated libraries. |
||
| 600 | 1 | 0 |
_aMartin, Roger H., _d1943- |
| 610 | 2 | 0 | _aSt. John's College (Annapolis, Md.) |
| 650 | 0 |
_aCollege presidents _zUnited States _vBiography. |
|
| 650 | 0 |
_aAdult college students _zUnited States _vBiography. |
|
| 650 | 0 |
_aCancer _xPatients _zUnited States _vBiography. |
|
| 655 | 7 |
_aElectronic books. _2local |
|
| 710 | 2 | _aebrary, Inc. | |
| 856 | 4 | 0 |
_uhttp://site.ebrary.com/lib/rucke/Doc?id=10240766 _zAn electronic book accessible through the World Wide Web; click to view |
| 999 |
_c150816 _d150816 |
||